[Event "Women's Baku Chess Olympiad"]
[Site "chess24.com"]
[Date "2016.09.10"]
[Round "8"]
[White "Isgandarova, Khayala"]
[Black "Cramling Bellon, Anna"]
[Result "1/2-1/2"]
[Board "4"]
[WhiteID "13401823"]
[WhiteElo "2188"]
[WhiteTitle "WIM"]
[WhiteCountry "TUR"]
[WhiteFideId "13401823"]
[WhiteEloChange "-7"]
[BlackID "32009232"]
[BlackElo "1913"]
[BlackCountry "SWE"]
[BlackFideId "32009232"]
[BlackEloChange "7"]

1. e4 {[%clk 1:30:53]} c5 {[%clk 1:30:53]} 2. Nf3 {[%clk 1:31:19]} d6 {[%clk
1:31:16]} 3. d4 {[%clk 1:31:42]} cxd4 {[%clk 1:31:36]} 4. Nxd4 {[%clk 1:32:09]}
Nf6 {[%clk 1:31:58]} 5. f3 {[%clk 1:31:55]} a6 {[%clk 1:31:23]} 6. c4 {[%clk
1:32:01]} Nc6 {[%clk 1:19:22]} 7. Nc3 {[%clk 1:32:16]} e6 {[%clk 1:17:19]} 8. Be2
{[%clk 1:32:14]} Be7 {[%clk 1:11:38]} 9. Be3 {[%clk 1:28:02]} Qc7 {[%clk
1:10:01]} 10. Rc1 {[%clk 1:27:35]} Nd7 {[%clk 1:03:02]} 11. O-O {[%clk 1:25:50]}
Nxd4 {[%clk 0:59:25]} 12. Qxd4 {[%clk 1:23:35]} O-O {[%clk 0:58:52]} 13. b4
{[%clk 1:17:22]} b6 {[%clk 0:54:22]} 14. Rfd1 {[%clk 1:09:00]} Rd8 {[%clk
0:51:25]} 15. Bf1 {[%clk 1:07:23]} Rb8 {[%clk 0:41:03]} 16. Qd2 {[%clk 1:05:37]}
Ne5 {[%clk 0:36:40]} 17. Qf2 {[%clk 1:04:33]} Bd7 {[%clk 0:24:56]} 18. h3 {[%clk
1:03:27]} Be8 {[%clk 0:22:44]} 19. f4 {[%clk 1:00:36]} Nd7 {[%clk 0:19:53]} 20.
g4 {[%clk 0:59:57]} Qa7 {[%clk 0:12:23]} 21. a3 {[%clk 0:57:55]} Nf8 {[%clk
0:11:58]} 22. g5 {[%clk 0:57:19]} Bc6 {[%clk 0:09:05]} 23. h4 {[%clk 0:51:05]} a5
{[%clk 0:06:06]} 24. h5 {[%clk 0:46:26]} Nd7 {[%clk 0:04:03]} 25. Bh3 {[%clk
0:39:27]} axb4 {[%clk 0:03:17]} 26. axb4 {[%clk 0:39:53]} Qa3 {[%clk 0:03:30]}
27. b5 {[%clk 0:29:20]} Ba8 {[%clk 0:03:52]} 28. Qc2 {[%clk 0:26:16]} Nc5 {[%clk
0:02:31]} 29. Ra1 {[%clk 0:26:24]} Bxe4 {[%clk 0:01:26]} 30. Qd2 {[%clk 0:16:38]}
Qb3 {[%clk 0:01:51]} 31. Bf1 {[%clk 0:17:04]} Qc2 {[%clk 0:01:01]} 32. Nxe4
{[%clk 0:13:55]} Qxe4 {[%clk 0:01:28]} 33. Ra7 {[%clk 0:14:13]} Rd7 {[%clk
0:01:06]} 34. Rxd7 {[%clk 0:11:29]} Nxd7 {[%clk 0:01:34]} 35. Re1 {[%clk
0:11:54]} Qa8 {[%clk 0:00:55]} 36. Qb2 {[%clk 0:11:10]} Qf3 {[%clk 0:00:46]} 37.
Bg2 {[%clk 0:11:10]} Qxh5 {[%clk 0:00:51]} 38. Qa2 {[%clk 0:11:36]} Rd8 {[%clk
0:00:34]} 39. Qa7 {[%clk 0:11:52]} Bf8 {[%clk 0:00:33]} 40. Qc7 {[%clk 0:42:01]}
Be7 {[%clk 0:30:34]} 41. Bxb6 {[%clk 0:35:41]} h6 {[%clk 0:10:58]} 42. Ba5 {[%clk
0:25:53]} hxg5 {[%clk 0:04:07]} 43. Qb7 {[%clk 0:24:18]} Qh4 {[%clk 0:02:48]} 44.
Re2 {[%clk 0:03:11]} d5 {[%clk 0:03:15]} 45. Bb6 {[%clk 0:03:35]} Nxb6 {[%clk
0:02:48]} 46. Qxe7 {[%clk 0:04:00]} Rc8 {[%clk 0:00:53]} 47. Qb7 {[%clk 0:02:37]}
Rxc4 {[%clk 0:00:40]} 48. Qxb6 {[%clk 0:02:43]} Rc1+ {[%clk 0:00:48]} 49. Bf1
{[%clk 0:03:08]} Qxf4 {[%clk 0:00:44]} 50. Rf2 {[%clk 0:02:02]} Qg3+ {[%clk
0:00:38]} 51. Rg2 {[%clk 0:02:26]} Qd3 {[%clk 0:00:38]} 52. Qb8+ {[%clk 0:00:56]}
Kh7 {[%clk 0:00:52]} 53. Qh2+ {[%clk 0:01:15]} Kg8 {[%clk 0:00:33]} 54. Qb8+
{[%clk 0:01:30]} Kh7 {[%clk 0:00:57]} 55. Qh2+ {[%clk 0:00:50]} Kg8 {[%clk
0:00:31]} 56. Qb8+ {[%clk 0:01:05]} Kh7 {[%clk 0:00:53]} 57. Qh2+ {[%clk
0:01:31]} 1/2-1/2

[Event "Women's Baku Chess Olympiad"]
[Site "chess24.com"]
[Date "2016.09.10"]
[Round "8"]
[White "Vega Gutierrez, Sabrina"]
[Black "Arribas Robaina, Maritza"]
[Result "1/2-1/2"]
[Board "1"]
[WhiteID "2219026"]
[WhiteElo "2411"]
[WhiteTitle "IM"]
[WhiteCountry "ESP"]
[WhiteFideId "2219026"]
[WhiteEloChange "-1"]
[BlackID "3501418"]
[BlackElo "2315"]
[BlackTitle "WGM"]
[BlackCountry "CUB"]
[BlackFideId "3501418"]
[BlackEloChange "3"]

1. d4 {[%clk 1:30:53]} Nf6 {[%clk 1:30:39]} 2. c4 {[%clk 1:31:13]} e6 {[%clk
1:30:42]} 3. Nc3 {[%clk 1:31:20]} d5 {[%clk 1:29:55]} 4. cxd5 {[%clk 1:31:30]}
exd5 {[%clk 1:30:09]} 5. Bg5 {[%clk 1:31:47]} Be7 {[%clk 1:29:34]} 6. e3 {[%clk
1:31:53]} O-O {[%clk 1:29:12]} 7. Bd3 {[%clk 1:32:05]} Nbd7 {[%clk 1:29:04]} 8.
Qc2 {[%clk 1:31:25]} c5 {[%clk 1:23:41]} 9. Nf3 {[%clk 1:28:05]} cxd4 {[%clk
1:21:15]} 10. exd4 {[%clk 1:12:50]} Re8 {[%clk 1:19:41]} 11. O-O {[%clk 1:13:01]}
h6 {[%clk 1:19:33]} 12. Bf4 {[%clk 1:12:28]} Nf8 {[%clk 1:18:46]} 13. Nb5 {[%clk
1:09:00]} Bg4 {[%clk 1:13:07]} 14. Bc7 {[%clk 1:00:20]} Qc8 {[%clk 1:11:44]} 15.
Ne5 {[%clk 1:00:31]} Ne6 {[%clk 1:05:14]} 16. Nxg4 {[%clk 0:43:27]} Nxg4 {[%clk
1:05:23]} 17. Bh7+ {[%clk 0:43:53]} Kh8 {[%clk 1:04:26]} 18. Bf5 {[%clk 0:44:15]}
a6 {[%clk 0:58:14]} 19. Bxg4 {[%clk 0:37:33]} axb5 {[%clk 0:58:09]} 20. Bxe6
{[%clk 0:37:32]} Qxe6 {[%clk 0:56:47]} 21. Qd3 {[%clk 0:35:28]} Bf6 {[%clk
0:55:36]} 22. Qxb5 {[%clk 0:33:49]} Bxd4 {[%clk 0:55:12]} 23. Rad1 {[%clk
0:31:09]} Bf6 {[%clk 0:51:12]} 24. a4 {[%clk 0:18:05]} Qc6 {[%clk 0:48:12]} 25.
Qxc6 {[%clk 0:18:31]} bxc6 {[%clk 0:48:38]} 26. b3 {[%clk 0:18:42]} Bc3 {[%clk
0:38:33]} 27. Rd3 {[%clk 0:17:40]} d4 {[%clk 0:38:00]} 28. g3 {[%clk 0:17:46]} c5
{[%clk 0:36:52]} 29. Bb6 {[%clk 0:09:11]} Rec8 {[%clk 0:36:08]} 30. Rc1 {[%clk
0:09:23]} Rc6 {[%clk 0:32:45]} 31. a5 {[%clk 0:08:48]} Bxa5 {[%clk 0:25:48]} 32.
Bxa5 {[%clk 0:08:59]} Rxa5 {[%clk 0:26:13]} 33. b4 {[%clk 0:06:40]} Rb5 {[%clk
0:26:22]} 34. bxc5 {[%clk 0:05:47]} Rbxc5 {[%clk 0:25:32]} 35. Rxc5 {[%clk
0:06:14]} Rxc5 {[%clk 0:25:55]} 36. Rxd4 {[%clk 0:06:37]} 1/2-1/2

[Event "Women's Baku Chess Olympiad"]
[Site "chess24.com"]
[Date "2016.09.10"]
[Round "8"]
[White "Linares Napoles, Oleiny"]
[Black "Matnadze, Ana"]
[Result "1/2-1/2"]
[Board "2"]
[WhiteID "3504794"]
[WhiteElo "2276"]
[WhiteTitle "WGM"]
[WhiteCountry "CUB"]
[WhiteFideId "3504794"]
[WhiteEloChange "3"]
[BlackID "13601377"]
[BlackElo "2383"]
[BlackTitle "IM"]
[BlackCountry "ESP"]
[BlackFideId "13601377"]
[BlackEloChange "-3"]

1. e4 {[%clk 1:30:56]} g6 {[%clk 1:30:52]} 2. d4 {[%clk 1:31:18]} Bg7 {[%clk
1:31:18]} 3. Nf3 {[%clk 1:31:27]} d6 {[%clk 1:31:41]} 4. Nc3 {[%clk 1:31:24]} a6
{[%clk 1:32:02]} 5. a4 {[%clk 1:31:19]} b6 {[%clk 1:32:13]} 6. Bc4 {[%clk
1:30:20]} e6 {[%clk 1:32:00]} 7. O-O {[%clk 1:28:26]} Bb7 {[%clk 1:32:00]} 8. Re1
{[%clk 1:28:09]} Ne7 {[%clk 1:30:11]} 9. Bf4 {[%clk 1:24:23]} h6 {[%clk 1:28:23]}
10. h4 {[%clk 1:24:17]} Nd7 {[%clk 1:26:42]} 11. Qe2 {[%clk 1:16:50]} Nf8 {[%clk
1:01:49]} 12. Rad1 {[%clk 1:11:49]} Nh7 {[%clk 0:56:48]} 13. Qd2 {[%clk 1:06:58]}
Nf6 {[%clk 0:56:10]} 14. e5 {[%clk 0:54:50]} Nh5 {[%clk 0:54:53]} 15. d5 {[%clk
0:52:09]} Nxf4 {[%clk 0:49:43]} 16. Qxf4 {[%clk 0:50:33]} O-O {[%clk 0:37:54]}
17. exd6 {[%clk 0:47:36]} Nxd5 {[%clk 0:32:42]} 18. Nxd5 {[%clk 0:44:34]} exd5
{[%clk 0:32:49]} 19. dxc7 {[%clk 0:34:55]} Qd7 {[%clk 0:31:35]} 20. Bb3 {[%clk
0:31:32]} Rac8 {[%clk 0:30:13]} 21. c4 {[%clk 0:29:16]} d4 {[%clk 0:26:18]} 22.
Nxd4 {[%clk 0:24:42]} Qxc7 {[%clk 0:26:21]} 23. Qg4 {[%clk 0:24:40]} h5 {[%clk
0:20:22]} 24. Qg5 {[%clk 0:21:01]} Qc5 {[%clk 0:20:22]} 25. Re7 {[%clk 0:18:58]}
Bxd4 {[%clk 0:16:23]} 26. Qxc5 {[%clk 0:19:01]} bxc5 {[%clk 0:16:28]} 27. Rxb7
{[%clk 0:19:25]} Rb8 {[%clk 0:14:21]} 28. Rxb8 {[%clk 0:16:59]} Rxb8 {[%clk
0:14:49]} 29. Rd3 {[%clk 0:17:27]} a5 {[%clk 0:14:19]} 30. Kf1 {[%clk 0:17:29]}
Rb6 {[%clk 0:14:34]} 31. Rf3 {[%clk 0:17:02]} Bxb2 {[%clk 0:14:26]} 32. g3 {[%clk
0:15:58]} Bd4 {[%clk 0:14:42]} 33. Ke2 {[%clk 0:15:55]} Kg7 {[%clk 0:14:58]} 34.
Kf1 {[%clk 0:15:59]} f6 {[%clk 0:15:01]} 35. Rd3 {[%clk 0:15:05]} Kf8 {[%clk
0:13:28]} 36. Kg2 {[%clk 0:14:18]} Ke7 {[%clk 0:13:49]} 37. f4 {[%clk 0:13:17]}
Kf8 {[%clk 0:12:58]} 38. Kf3 {[%clk 0:13:24]} Kg7 {[%clk 0:11:44]} 39. Kg2 {[%clk
0:13:05]} f5 {[%clk 0:10:26]} 40. Kf1 {[%clk 0:42:53]} 1/2-1/2

[Event "Women's Baku Chess Olympiad"]
[Site "chess24.com"]
[Date "2016.09.10"]
[Round "8"]
[White "Collazo Hidalgo-Gato, Niala"]
[Black "Llaudy Pupo, Lisandra"]
[Result "0-1"]
[Board "3"]
[WhiteID "3504476"]
[WhiteElo "2268"]
[WhiteTitle "WIM"]
[WhiteCountry "ESP"]
[WhiteFideId "3504476"]
[WhiteEloChange "-10"]
[BlackID "3506487"]
[BlackElo "2269"]
[BlackTitle "WIM"]
[BlackCountry "CUB"]
[BlackFideId "3506487"]
[BlackEloChange "10"]

1. e4 {[%clk 1:30:56]} e6 {[%clk 1:30:51]} 2. d3 {[%clk 1:28:59]} c5 {[%clk
1:30:46]} 3. g3 {[%clk 1:27:07]} Nc6 {[%clk 1:30:54]} 4. Bg2 {[%clk 1:26:00]} g6
{[%clk 1:30:59]} 5. Nc3 {[%clk 1:26:03]} Bg7 {[%clk 1:30:07]} 6. Nh3 {[%clk
1:26:21]} Nge7 {[%clk 1:27:37]} 7. f4 {[%clk 1:25:41]} d5 {[%clk 1:20:14]} 8. e5
{[%clk 1:21:54]} Nf5 {[%clk 1:16:15]} 9. O-O {[%clk 1:20:53]} h5 {[%clk 1:07:20]}
10. Qe1 {[%clk 1:11:05]} Ncd4 {[%clk 0:53:29]} 11. Qd1 {[%clk 0:54:47]} Bd7
{[%clk 0:50:44]} 12. Ne2 {[%clk 0:51:25]} Ba4 {[%clk 0:41:09]} 13. b3 {[%clk
0:48:53]} Bc6 {[%clk 0:41:23]} 14. c3 {[%clk 0:48:15]} Nxe2+ {[%clk 0:38:09]} 15.
Qxe2 {[%clk 0:48:40]} Qb6 {[%clk 0:35:27]} 16. Kh1 {[%clk 0:42:27]} a5 {[%clk
0:31:39]} 17. Bd2 {[%clk 0:38:57]} a4 {[%clk 0:30:22]} 18. b4 {[%clk 0:27:38]}
cxb4 {[%clk 0:30:06]} 19. Rfb1 {[%clk 0:26:42]} Bf8 {[%clk 0:28:35]} 20. cxb4
{[%clk 0:23:25]} Bb5 {[%clk 0:27:59]} 21. Rc1 {[%clk 0:22:37]} Be7 {[%clk
0:27:11]} 22. a3 {[%clk 0:20:49]} Qa6 {[%clk 0:24:44]} 23. Rc3 {[%clk 0:19:49]}
Kf8 {[%clk 0:16:11]} 24. Rac1 {[%clk 0:18:21]} Kg7 {[%clk 0:16:31]} 25. Be1
{[%clk 0:14:35]} Bd8 {[%clk 0:15:01]} 26. Nf2 {[%clk 0:08:44]} Bb6 {[%clk
0:14:55]} 27. Bd2 {[%clk 0:07:54]} Bd4 {[%clk 0:14:32]} 28. R3c2 {[%clk 0:07:46]}
h4 {[%clk 0:11:00]} 29. g4 {[%clk 0:07:12]} Ng3+ {[%clk 0:10:58]} 30. hxg3 {[%clk
0:07:30]} Bxf2 {[%clk 0:11:16]} 31. Bf1 {[%clk 0:03:20]} hxg3+ {[%clk 0:11:31]}
32. Kg2 {[%clk 0:03:48]} d4 {[%clk 0:09:51]} 33. f5 {[%clk 0:02:49]} exf5 {[%clk
0:06:44]} 34. Bg5 {[%clk 0:03:15]} Rh2+ {[%clk 0:06:58]} 35. Kf3 {[%clk 0:03:39]}
fxg4+ {[%clk 0:07:00]} 36. Ke4 {[%clk 0:03:23]} Qe6 {[%clk 0:07:05]} 37. Bf6+
{[%clk 0:03:15]} Kh7 {[%clk 0:07:21]} 38. Qd2 {[%clk 0:01:05]} Bc6+ {[%clk
0:07:39]} 39. Rxc6 {[%clk 0:01:30]} bxc6 {[%clk 0:08:04]} 0-1

[Event "Women's Baku Chess Olympiad"]
[Site "chess24.com"]
[Date "2016.09.10"]
[Round "8"]
[White "Hernandez Moya, Yuleisy"]
[Black "Aranaz Murillo, Amalia"]
[Result "1/2-1/2"]
[Board "4"]
[WhiteID "3511685"]
[WhiteElo "2264"]
[WhiteTitle "WIM"]
[WhiteCountry "CUB"]
[WhiteFideId "3511685"]
[BlackID "22200371"]
[BlackElo "2279"]
[BlackTitle "WIM"]
[BlackCountry "ESP"]
[BlackFideId "22200371"]

1. Nf3 {[%clk 1:30:54]} Nf6 {[%clk 1:30:53]} 2. b3 {[%clk 1:31:17]} c5 {[%clk
1:31:14]} 3. c4 {[%clk 1:30:56]} d5 {[%clk 1:30:58]} 4. cxd5 {[%clk 1:28:58]}
Nxd5 {[%clk 1:31:20]} 5. Bb2 {[%clk 1:29:23]} Nc6 {[%clk 1:31:39]} 6. g3 {[%clk
1:29:27]} f6 {[%clk 1:31:20]} 7. Bg2 {[%clk 1:27:16]} e5 {[%clk 1:31:43]} 8. d3
{[%clk 1:27:34]} Be6 {[%clk 1:30:27]} 9. Nc3 {[%clk 1:24:32]} Be7 {[%clk
1:29:30]} 10. O-O {[%clk 1:23:13]} O-O {[%clk 1:27:28]} 11. Rc1 {[%clk 1:18:04]}
Rc8 {[%clk 1:24:13]} 12. Nd2 {[%clk 1:10:28]} Qd7 {[%clk 1:16:29]} 13. Nxd5
{[%clk 0:59:01]} Bxd5 {[%clk 1:16:51]} 14. Bxd5+ {[%clk 0:50:23]} Qxd5 {[%clk
1:17:02]} 15. Nc4 {[%clk 0:50:52]} Rfd8 {[%clk 1:16:41]} 16. Qc2 {[%clk 0:39:00]}
Kh8 {[%clk 1:11:39]} 17. Rfd1 {[%clk 0:28:39]} Qe6 {[%clk 1:07:43]} 18. e4 {[%clk
0:26:07]} b5 {[%clk 1:01:40]} 19. Na3 {[%clk 0:26:27]} a6 {[%clk 0:57:27]} 20.
Qe2 {[%clk 0:26:10]} Bf8 {[%clk 0:47:09]} 21. Nc2 {[%clk 0:25:50]} Nd4 {[%clk
0:47:27]} 22. Nxd4 {[%clk 0:24:00]} cxd4 {[%clk 0:47:50]} 23. Rxc8 {[%clk
0:18:42]} Rxc8 {[%clk 0:48:13]} 24. Rc1 {[%clk 0:19:08]} Rxc1+ {[%clk 0:46:09]}
25. Bxc1 {[%clk 0:19:33]} Qc6 {[%clk 0:46:32]} 26. Bb2 {[%clk 0:15:28]} Bb4
{[%clk 0:46:09]} 27. f4 {[%clk 0:14:21]} Bc3 {[%clk 0:45:04]} 28. fxe5 {[%clk
0:08:41]} fxe5 {[%clk 0:44:28]} 29. Qf2 {[%clk 0:07:26]} Kg8 {[%clk 0:44:07]} 30.
Ba3 {[%clk 0:06:31]} b4 {[%clk 0:43:45]} 31. Bc1 {[%clk 0:06:54]} Qe6 {[%clk
0:43:50]} 32. Kg2 {[%clk 0:06:52]} h6 {[%clk 0:41:29]} 33. Qf5 {[%clk 0:04:36]}
Qxf5 {[%clk 0:41:26]} 34. exf5 {[%clk 0:05:01]} e4 {[%clk 0:41:51]} 35. Bf4
{[%clk 0:01:08]} exd3 {[%clk 0:42:07]} 36. Kf3 {[%clk 0:01:26]} Kf7 {[%clk
0:42:12]} 37. g4 {[%clk 0:01:18]} Kf6 {[%clk 0:42:13]} 38. h3 {[%clk 0:01:03]}
Ke7 {[%clk 0:38:51]} 39. Kf2 {[%clk 0:01:10]} Kd7 {[%clk 0:37:49]} 40. Kf3 {[%clk
0:30:36]} Kc6 {[%clk 1:02:18]} 41. f6 {[%clk 0:24:26]} gxf6 {[%clk 1:02:23]} 42.
Bxh6 {[%clk 0:24:51]} Kd5 {[%clk 1:02:44]} 43. h4 {[%clk 0:23:52]} f5 {[%clk
1:00:18]} 44. gxf5 {[%clk 0:22:08]} Ke5 {[%clk 1:00:43]} 45. Bf8 {[%clk 0:14:48]}
Kxf5 {[%clk 1:00:36]} 46. Be7 {[%clk 0:13:20]} Kg6 {[%clk 0:59:48]} 47. Kf2
{[%clk 0:12:33]} Kh5 {[%clk 1:00:11]} 48. Bg5 {[%clk 0:12:48]} Kg4 {[%clk
1:00:19]} 49. Be7 {[%clk 0:12:57]} Bd2 {[%clk 0:50:37]} 50. Bf6 {[%clk 0:12:53]}
Bc3 {[%clk 0:43:10]} 51. Be7 {[%clk 0:12:48]} a5 {[%clk 0:43:23]} 52. Bg5 {[%clk
0:10:39]} Kh5 {[%clk 0:42:35]} 53. Bd8 {[%clk 0:10:13]} Bd2 {[%clk 0:42:19]} 54.
Bf6 {[%clk 0:10:26]} Kg4 {[%clk 0:41:54]} 55. Bxd4 {[%clk 0:05:24]} Kxh4 {[%clk
0:42:17]} 56. Kf3 {[%clk 0:04:42]} Bc3 {[%clk 0:39:02]} 57. Bb6 {[%clk 0:04:54]}
Kg5 {[%clk 0:36:56]} 58. Bxa5 {[%clk 0:05:01]} Kf5 {[%clk 0:37:21]} 59. Ke3
{[%clk 0:03:58]} d2 {[%clk 0:37:40]} 60. Ke2 {[%clk 0:04:23]} Ke5 {[%clk
0:38:04]} 61. a3 {[%clk 0:04:37]} Kd4 {[%clk 0:38:24]} 62. a4 {[%clk 0:02:37]}
Kc5 {[%clk 0:31:08]} 63. Bd8 {[%clk 0:02:50]} Kd4 {[%clk 0:31:32]} 64. Bg5 {[%clk
0:02:08]} Kc5 {[%clk 0:31:50]} 65. Bxd2 {[%clk 0:02:10]} Be5 {[%clk 0:32:15]} 66.
Kd3 {[%clk 0:01:47]} Bb2 {[%clk 0:32:22]} 67. Ke4 {[%clk 0:01:00]} Bg7 {[%clk
0:32:21]} 68. Be3+ {[%clk 0:01:14]} Kc6 {[%clk 0:32:45]} 69. a5 {[%clk 0:01:29]}
Kb5 {[%clk 0:32:47]} 70. Bb6 {[%clk 0:01:45]} Bf8 {[%clk 0:32:05]} 71. Kd5 {[%clk
0:01:58]} Be7 {[%clk 0:32:17]} 72. Ke6 {[%clk 0:01:26]} Bf8 {[%clk 0:32:43]} 73.
Kd7 {[%clk 0:01:41]} Bg7 {[%clk 0:31:22]} 74. Kc7 {[%clk 0:01:23]} Ka6 {[%clk
0:31:48]} 75. Kc6 {[%clk 0:01:23]} Bc3 {[%clk 0:32:07]} 1/2-1/2

[Event "Women's Baku Chess Olympiad"]
[Site "chess24.com"]
[Date "2016.09.10"]
[Round "8"]
[White "Repkova, Eva"]
[Black "Dimitrijevic, Aleksandra"]
[Result "1-0"]
[Board "1"]
[WhiteID "14900440"]
[WhiteElo "2332"]
[WhiteTitle "IM"]
[WhiteCountry "SVK"]
[WhiteFideId "14900440"]
[WhiteEloChange "8"]
[BlackID "929239"]
[BlackElo "2254"]
[BlackTitle "WGM"]
[BlackCountry "BIH"]
[BlackFideId "929239"]
[BlackEloChange "-8"]

1. e4 {[%clk 1:30:56]} e5 {[%clk 1:30:54]} 2. Bc4 {[%clk 1:30:50]} Nf6 {[%clk
1:31:14]} 3. d3 {[%clk 1:31:17]} d6 {[%clk 1:31:34]} 4. Nf3 {[%clk 1:31:27]} Be7
{[%clk 1:31:58]} 5. Nbd2 {[%clk 1:31:52]} c6 {[%clk 1:31:42]} 6. Bb3 {[%clk
1:32:13]} Nbd7 {[%clk 1:31:00]} 7. c3 {[%clk 1:32:38]} O-O {[%clk 1:30:17]} 8.
Nf1 {[%clk 1:32:54]} Qc7 {[%clk 1:30:29]} 9. Ng3 {[%clk 1:33:16]} Re8 {[%clk
1:30:11]} 10. O-O {[%clk 1:26:58]} Bf8 {[%clk 1:24:15]} 11. Nh4 {[%clk 1:25:31]}
d5 {[%clk 1:10:57]} 12. Nhf5 {[%clk 1:22:01]} Nc5 {[%clk 1:05:47]} 13. Bc2 {[%clk
1:22:17]} dxe4 {[%clk 0:47:09]} 14. dxe4 {[%clk 1:22:42]} Bxf5 {[%clk 0:46:48]}
15. exf5 {[%clk 1:19:11]} e4 {[%clk 0:44:36]} 16. Qe2 {[%clk 1:15:47]} Rad8
{[%clk 0:42:31]} 17. Be3 {[%clk 1:15:31]} Nd3 {[%clk 0:34:49]} 18. Nxe4 {[%clk
1:06:36]} Rxe4 {[%clk 0:32:04]} 19. Bxd3 {[%clk 1:07:00]} Ng4 {[%clk 0:31:56]}
20. g3 {[%clk 1:07:20]} Nxe3 {[%clk 0:32:20]} 21. fxe3 {[%clk 1:05:26]} Re5
{[%clk 0:32:18]} 22. e4 {[%clk 1:05:39]} Be7 {[%clk 0:30:14]} 23. Rad1 {[%clk
1:05:15]} Bf6 {[%clk 0:30:12]} 24. Qe3 {[%clk 1:02:43]} a5 {[%clk 0:27:57]} 25.
Kg2 {[%clk 1:02:06]} h6 {[%clk 0:27:32]} 26. Bc2 {[%clk 0:59:45]} Ree8 {[%clk
0:20:55]} 27. Rfe1 {[%clk 0:54:52]} Be5 {[%clk 0:18:02]} 28. Kf3 {[%clk 0:51:29]}
Rxd1 {[%clk 0:14:08]} 29. Rxd1 {[%clk 0:51:39]} Rd8 {[%clk 0:14:35]} 30. Rxd8+
{[%clk 0:48:28]} Qxd8 {[%clk 0:14:59]} 31. Qc5 {[%clk 0:48:41]} Qc7 {[%clk
0:11:22]} 32. a4 {[%clk 0:44:27]} b6 {[%clk 0:10:38]} 33. Qe3 {[%clk 0:44:32]} b5
{[%clk 0:08:50]} 34. Qd2 {[%clk 0:40:05]} Bf6 {[%clk 0:07:45]} 35. Bb3 {[%clk
0:38:37]} Bg5 {[%clk 0:05:48]} 36. Qf2 {[%clk 0:32:41]} Bf6 {[%clk 0:05:27]} 37.
Qe2 {[%clk 0:31:39]} Qe5 {[%clk 0:03:40]} 38. axb5 {[%clk 0:31:15]} cxb5 {[%clk
0:04:06]} 39. Bd5 {[%clk 0:31:19]} Qe8 {[%clk 0:02:48]} 40. Qd2 {[%clk 0:52:31]}
Qb8 {[%clk 0:31:03]} 41. Bb3 {[%clk 0:50:38]} Qc7 {[%clk 0:25:44]} 42. Qd5 {[%clk
0:50:07]} b4 {[%clk 0:18:13]} 43. Qa8+ {[%clk 0:50:07]} Bd8 {[%clk 0:17:03]} 44.
c4 {[%clk 0:50:31]} h5 {[%clk 0:15:57]} 45. c5 {[%clk 0:50:05]} h4 {[%clk
0:15:32]} 46. e5 {[%clk 0:45:44]} Kh7 {[%clk 0:12:46]} 47. Qe4 {[%clk 0:42:40]}
a4 {[%clk 0:09:32]} 48. f6+ {[%clk 0:41:49]} Kg8 {[%clk 0:09:44]} 49. e6 {[%clk
0:37:03]} gxf6 {[%clk 0:09:01]} 50. exf7+ {[%clk 0:37:24]} 1-0

[Event "Women's Baku Chess Olympiad"]
[Site "chess24.com"]
[Date "2016.09.10"]
[Round "8"]
[White "Dengler, Dijana"]
[Black "Maslikova, Veronika"]
[Result "0-1"]
[Board "2"]
[WhiteID "14400081"]
[WhiteElo "2047"]
[WhiteTitle "WFM"]
[WhiteCountry "BIH"]
[WhiteFideId "14400081"]
[WhiteEloChange "-5"]
[BlackID "14904888"]
[BlackElo "2247"]
[BlackTitle "WIM"]
[BlackCountry "SVK"]
[BlackFideId "14904888"]
[BlackEloChange "5"]

1. d4 {[%clk 1:30:56]} Nf6 {[%clk 1:30:52]} 2. Nf3 {[%clk 1:30:58]} e6 {[%clk
1:31:15]} 3. e3 {[%clk 1:28:27]} b6 {[%clk 1:26:53]} 4. Bd3 {[%clk 1:27:31]} Bb7
{[%clk 1:27:12]} 5. O-O {[%clk 1:25:09]} d5 {[%clk 1:25:32]} 6. b3 {[%clk
1:23:33]} Bd6 {[%clk 1:23:06]} 7. Bb2 {[%clk 1:23:24]} O-O {[%clk 1:23:16]} 8.
Ne5 {[%clk 1:22:21]} c5 {[%clk 1:15:19]} 9. Nd2 {[%clk 1:19:08]} Qc7 {[%clk
0:58:54]} 10. f4 {[%clk 1:10:41]} Ne4 {[%clk 0:41:04]} 11. c4 {[%clk 0:58:47]} f6
{[%clk 0:25:38]} 12. Nef3 {[%clk 0:54:23]} Nd7 {[%clk 0:24:24]} 13. Rc1 {[%clk
0:54:15]} Qd8 {[%clk 0:22:52]} 14. f5 {[%clk 0:49:41]} e5 {[%clk 0:18:44]} 15.
cxd5 {[%clk 0:48:34]} Nxd2 {[%clk 0:17:48]} 16. Qxd2 {[%clk 0:45:42]} exd4 {[%clk
0:18:12]} 17. exd4 {[%clk 0:44:36]} Bxd5 {[%clk 0:17:52]} 18. Kh1 {[%clk
0:40:28]} Kh8 {[%clk 0:16:46]} 19. Bc4 {[%clk 0:35:20]} Bxc4 {[%clk 0:15:08]} 20.
Rxc4 {[%clk 0:35:38]} Qb8 {[%clk 0:13:37]} 21. dxc5 {[%clk 0:26:06]} Nxc5 {[%clk
0:14:02]} 22. b4 {[%clk 0:25:14]} Na4 {[%clk 0:14:01]} 23. Ba1 {[%clk 0:25:00]}
b5 {[%clk 0:12:54]} 24. Rd4 {[%clk 0:22:00]} Nb6 {[%clk 0:12:16]} 25. Qd1 {[%clk
0:16:53]} Nc4 {[%clk 0:12:34]} 26. Re1 {[%clk 0:16:58]} Bxb4 {[%clk 0:12:02]} 27.
Re6 {[%clk 0:16:04]} Rd8 {[%clk 0:11:32]} 28. Qb3 {[%clk 0:15:40]} Bc5 {[%clk
0:11:07]} 29. Rg4 {[%clk 0:12:56]} Ne3 {[%clk 0:08:50]} 30. Rxg7 {[%clk 0:11:48]}
Rd1+ {[%clk 0:09:12]} 31. Qxd1 {[%clk 0:11:46]} Nxd1 {[%clk 0:09:39]} 32. Rf7
{[%clk 0:05:08]} Nf2+ {[%clk 0:09:30]} 33. Kg1 {[%clk 0:05:38]} Ng4+ {[%clk
0:09:33]} 34. Kf1 {[%clk 0:05:54]} Qf4 {[%clk 0:09:36]} 35. Bxf6+ {[%clk
0:04:15]} Nxf6 {[%clk 0:10:03]} 36. Rfxf6 {[%clk 0:02:53]} Qc1+ {[%clk 0:10:01]}
37. Re1 {[%clk 0:01:14]} Qc4+ {[%clk 0:10:19]} 38. Re2 {[%clk 0:01:35]} Rd8
{[%clk 0:10:10]} 39. Ne1 {[%clk 0:01:35]} 0-1